Electoral Behavior: Forecasting and electoral context : (Record no. 616521)

MARC details
000 -LEADER
fixed length control field 00502nam a2200193 a 4500
008 - FIXED-LENGTH DATA ELEMENTS--GENERAL INFORMATION
fixed length control field 260302s2008##################000#0#eng##
020 ## - INTERNATIONAL STANDARD BOOK NUMBER
ISBN 9781412947527
082 04 - DEWEY DECIMAL CLASSIFICATION NUMBER
Classification number 324.9.ARZ.3
100 1# - MAIN ENTRY--AUTHOR NAME
Personal name Arzheimer, Kai,
245 10 - TITLE STATEMENT
Title Electoral Behavior: Forecasting and electoral context :
260 ## - PUBLICATION, DISTRIBUTION, ETC. (IMPRINT)
Year of publication 2008.
300 ## - PHYSICAL DESCRIPTION
Number of Pages 432 pages
650 #0 - SUBJECT ADDED ENTRY--TOPICAL TERM
Topical Term Voting.
942 ## - ADDED ENTRY ELEMENTS (KOHA)
Koha item type English Books

No items available.

Find us on the map